Movies Quiz

Random Movies or Pixar Quiz

Badly Drawn Pixar Characters Quiz Stats

 Plays Quiz Updated Feb 1, 2018

Challenge
Share
Tweet
Score 0/15 Timer 03:00
4 Plays Today
% Correct
Dory
98.5%
Buzz Lightyear
98.3%
Mike Wazowski
93.6%
Mr. Incredible
92.8%
Sheriff Woody
92.1%
Lightning McQueen
90.2%
Anger
82.5%
EVE
77.5%
% Correct
Boo
77.4%
(Tow) Mater
74.8%
Merida
67.4%
Remy
63.5%
Carl Fredricksen
61.9%
Flik
51.4%
Arlo
27.2%

You're not logged in!

Compare scores with friends on all Sporcle quizzes.
OR
Log In

You Might Also Like...

Show Comments

Extras

Top Quizzes Today


Score Distribution

Your Account Isn't Verified!

In order to create a playlist on Sporcle, you need to verify the email address you used during registration. Go to your Sporcle Settings to finish the process.

Report this User

Report this user for behavior that violates our Community Guidelines.

Details: